|
|
|
|
| LEADER |
00000naa2a2200000 4500 |
| 001 |
449928 |
| 005 |
20231101083236.0 |
| 035 |
|
|
|a (RuTPU)RU\TPU\prd\112049
|
| 035 |
|
|
|a RU\TPU\prd\47611
|
| 090 |
|
|
|a 449928
|
| 100 |
|
|
|a 20110608a2006 k y0rusy50 ca
|
| 101 |
0 |
|
|a rus
|
| 102 |
|
|
|a RU
|
| 200 |
1 |
|
|a Электровзрывное легирование железа медью: градиент фазового состава и дефектной субструктуры модифицированных слоев
|f О. А. Цвиркун [и др.]
|
| 320 |
|
|
|a Библиогр.: 6 назв.
|
| 461 |
|
0 |
|0 (RuTPU)RU\TPU\prd\353
|x 1683-805X
|t Физическая мезомеханика
|f Институт физики прочности и материаловедения ; Российская академия наук (РАН), Сибирское отделение (СО), Институт физики прочности и материаловедения (ИФПМ)
|d 1998-
|
| 463 |
|
0 |
|0 (RuTPU)RU\TPU\prd\112044
|t Т. 9, № 4
|v с. 49-54
|d 2006
|
| 610 |
1 |
|
|a железо
|
| 610 |
1 |
|
|a медь
|
| 610 |
1 |
|
|a электровзрывное легирование
|
| 610 |
1 |
|
|a дифракционная электронная микроскопия
|
| 610 |
1 |
|
|a тонкая фольга
|
| 610 |
1 |
|
|a структуры
|
| 610 |
1 |
|
|a градиентные слои
|
| 610 |
1 |
|
|a фазовый состав
|
| 610 |
1 |
|
|a дефектная субструктура
|
| 610 |
1 |
|
|a нанокристаллические структуры
|
| 610 |
1 |
|
|a кристаллиты оксидов
|
| 610 |
1 |
|
|a оксикарбиды железа
|
| 610 |
1 |
|
|a оксикарбиды меди
|
| 610 |
1 |
|
|a мартенситные структуры
|
| 610 |
1 |
|
|a модифицированные слои
|
| 610 |
1 |
|
|a тонкие покрытия
|
| 610 |
1 |
|
|a проводники
|
| 610 |
1 |
|
|a электрический взрыв
|
| 701 |
|
1 |
|a Цвиркун
|b О. А.
|
| 701 |
|
1 |
|a Будовских
|b Е. А.
|
| 701 |
|
1 |
|a Иванов
|b Ю. Ф.
|
| 701 |
|
1 |
|a Громов
|b В. Е.
|
| 801 |
|
1 |
|a RU
|b 63413507
|c 20061110
|g PSBO
|
| 801 |
|
2 |
|a RU
|b 63413507
|c 20110608
|g RCR
|
| 942 |
|
|
|c BK
|